| 000 | 01905nam a2200517 i 4500 | ||
|---|---|---|---|
| 001 | 53518 | ||
| 003 | KOSZ 005 | ||
| 005 | 20201126122319.0 | ||
| 008 | 190315s2001 pl ad f f 000 0 pol | ||
| 015 | _aPB 2018/22574 | ||
| 020 | _z8301130105 | ||
| 035 | _a(PL-WaBN)b60119755-48omnis_nlop | ||
| 035 | _ab60119755 | ||
| 035 | _a(OCoLC)1051264156 | ||
| 035 | _a(PL)b0000006011975 | ||
| 040 |
_aWA N _cWA N _dKOSZ 005/RW |
||
| 046 | _k1999 | ||
| 080 | _a(075.8) | ||
| 080 | _a330 | ||
| 245 | 0 | 0 |
_aPodstawy ekonomii / _credakcja naukowa Roman Milewski ; [autorzy Anna Jabłońska, Anna Krajewska, Eugeniusz Kwiatkowski, Roman Milewski, Andrzej Raczko, Paweł Samecki]. |
| 250 | _aWydanie 2. poprawione, (2 dodruk). | ||
| 260 |
_aWarszawa : _bWydawnictwo Naukowe PWN, _c2001. |
||
| 300 |
_a682, [1] strony : _bilustracje, wykresy ; _c25 cm. |
||
| 336 |
_aTekst _btxt _2rdacontent |
||
| 337 |
_aBez urządzenia pośredniczącego _bn _2rdamedia |
||
| 338 |
_aWolumin _bnc _2rdacarrier |
||
| 380 | _aKsiążki | ||
| 380 | _aPublikacje dydaktyczne | ||
| 380 | _aPublikacje naukowe | ||
| 385 |
_mPoziom nauczania _aSzkoły wyższe |
||
| 388 | 1 | _a2001- | |
| 500 | _aNa książce także ISBN wydania 1. | ||
| 650 | 7 |
_aEkonomia _2DBN |
|
| 655 | 7 |
_aPodręcznik _2DBN |
|
| 658 | _aGospodarka, ekonomia, finanse | ||
| 700 | 1 |
_aJabłońska, Anna _c(ekonomia). _eAutor |
|
| 700 | 1 |
_aKwiatkowski, Eugeniusz _d(1947- ) _eAutor |
|
| 700 | 1 |
_aMilewski, Roman _d(1940-2001) _eAutor _eRedakcja |
|
| 710 | 2 |
_aWydawnictwo Naukowe PWN _4pbl |
|
| 700 | 1 |
_aKrajewska, Anna _d(1942- ) _eAutor |
|
| 700 | 1 |
_aRaczko, Andrzej _d(1953- ) _eAutor |
|
| 700 | 1 |
_aSamecki, Paweł _d(1958- ) _eAutor |
|
| 856 |
_uhttp://koha.tu.koszalin.pl/cgi-bin/koha/opac-detail.pl?biblionumber=53518 _yKatalog online BPK |
||
| 942 |
_2UKD _cKS |
||
| 999 |
_c53518 _d53518 |
||